LEADER 01149nam a2200241 i 4500 001 000000206827 003 CaOOAMICUS 005 20161121000000.0 008 161121s1896 it u000 u ita u 013 $a185601 040 $aSeMil$bita 100 1 $aAlasia, Gaspare.$0(OLS)http://semarc/name/74304 245 10$aErode, storia sotterranea ossiano allocuzioni tenute nel sotterraneo del Carmine di Torino ... /$cdal commend. teol. avv. Gaspare Alasia. 260 $aTorino :$bTip. S. Giuseppe degli Artigianelli,$c1896. 300 $a826 p. [7] c. di tav. ripieg. :$bgenealogie ;$c21 cm. 500 $aCon dedica al Card. Ferrari. - Lascito Card. C.M. Martini. 650 4$aBibbia - Storia.$0(OLS)http://semarc/subject/4025 850 $aSeMil 852 $aSeMil$W1$xVenegono$y1$m3S VII 27 FA$j157290$B157290$CSeMilBibl$Z2$F214307 $8I 941 1 $a4 961 $aLascito: Martini Card. Carlo Maria 996 $6245$aErode, storia sotterranea ossiano allocuzioni tenute nel sotterraneo del Carmine di Torino ...$9(OLS)http://semarc/title/299091 996 $6260$aTorino :$bTip. S. Giuseppe degli Artigianelli$9(OLS)http://semarc/publisher/52123 LEADER 00955nam a2200253 i 4500 001 000000087276 003 CaOOAMICUS 005 20180830150019.0 008 180830s1974 xx u000 u und u 013 $a59516 040 $aSeMil$bita 100 1 $aNeumann, Erich.$0(OLS)http://semarc/name/39957 245 10$aEvoluzione culturale e religione. 260 $aRoma :$bArmando,$c1974. 300 $a183 p. 490 0 $aFilosofia e problemi d'oggi 650 4$aRito.$0(OLS)http://semarc/subject/8970 650 4$aReligione.$0(OLS)http://semarc/subject/3159 650 4$aPsicologia.$0(OLS)http://semarc/subject/1671 830 0$aFilosofia e problemi d'oggi.$0(OLS)http://semarc/title/7423 850 $aSeMil 852 $aSeMil$W1$xVenegono$y1$m90 2 37 *$j50816$B50816$CSeMilBibl$Z2$F54875 $81 996 $6245$aEvoluzione culturale e religione$9(OLS)http://semarc/title/133415 996 $6260$aRoma :$bArmando$9(OLS)http://semarc/publisher/29857